00519 a2200133 4500003000500000005001700005040000900022082001200031100002300043245007200066260002500138300001200163505021000175NUST20221207171140.0 cNust a297,IBR a Ibrahim, Ezzeddin aForty Hadith /cTranslated by Ezzeddin Ibrahim,Denys Johnson-Davies bThe Holy Koranc1976 a127p .: aIntroduction by the Translators in English (Page-7), Introduction by the Translators in Arabic (Page-12), Iman an- Nawawais Introduction in Arabic with English Translation (Page-18), The Hadith (Page-26).